Darney (Vosges) - Vue générale et Pont sur la Saône

Zobrazenie: Pohľad na obec z diaľky

Bibliographic Details
Format: Postcard
Language:French
PhysicalDescription:1 pohľadnica čiernobiela 9 x 14 cm
Published: [Darney?] Edition Mittey [medzi 1905 a 1930?]
Subjects:

MARC

LEADER 00000nkm a2200000 a 4500
001 vtls011828756
003 SK-MaSNL
005 20260512123017.0
007 kp bo
008 200623q1905 fr g 0k|fre
015 |a SNBG 
040 |a SNK  |b slo  |c SNK  |e AACR2 
041 0 |a fre 
043 |a e-fr--- 
044 |a fr  |c FR 
072 7 |a 913(4)  |x Geografia Európy, reálie, cestovanie  |2 konspekt 
080 |a 913(4)  |2 2011 
080 |a (44)  |2 2011 
080 |a (084.121)  |2 2011 
245 0 0 |a Darney (Vosges) - Vue générale et Pont sur la Saône  |h grafika 
260 |a [Darney?]  |b Edition Mittey  |c [medzi 1905 a 1930?] 
300 |a 1 pohľadnica  |b čiernobiela  |c 9 x 14 cm 
520 8 |a Zobrazenie: Pohľad na obec z diaľky 
651 7 |a Darney (Francúzsko)  |2 SNKPHgeo  |9 355702 
655 7 |a pohľadnice  |2 SNKPH  |9 70741 
958 |a OND 
958 |a GBN 
958 |a GC 
999 |c 686553  |d 688483 
952 |a SNK  |b SNK  |y PREZ  |7 0  |p 17A1294254  |o snkSP 55560  |0 0  |1 0  |4 0  |d 2018-12-10  |l 0  |r 2026-02-23 20:14:40  |w 2026-02-23